Interest rates, prices and liquidity lessons from the financial crisis

Gespeichert in:
Bibliographische Detailangaben
Weitere Verfasser: Chadha, Jagjit S., Holly, Sean
Format: Buch
Sprache:Englisch
Veröffentlicht: Cambridge Cambridge University Press 2012
Schriftenreihe:Macroeconomic policy making
Schlagworte:
Tags: Tag hinzufügen
Keine Tags, Fügen Sie das erste Tag hinzu!

MARC

LEADER 00000nam a2200000 4500
001 0178273
005 20240315121731.4
020 |a 978-1-107-01473-2 
041 0 |a eng 
044 |a GB 
245 1 0 |a Interest rates, prices and liquidity  |b lessons from the financial crisis  |c edited by Jagjit S. Chadha and Sean Holly 
264 1 |a Cambridge  |b Cambridge University Press  |c 2012 
300 |a xi, 280 s. 
490 1 |a Macroeconomic policy making 
830 0 |a Macroeconomic policy making 
610 2 0 |a sadzby úrokové 
610 2 0 |a likvidita 
610 2 0 |a kríza finančná 
610 2 0 |a politika menová 
700 1 |a Chadha, Jagjit S. 
700 1 |a Holly, Sean